Odisea
Guardado en:
| Autor principal: | |
|---|---|
| Formato: | Libro |
| Lenguaje: | español |
| Publicado: |
Madrid
Cátedra
2014
|
| Edición: | 22a. ed |
| Colección: | Letras Universales, 62
|
| Materias: | |
| Etiquetas: |
Agregar Etiqueta
Sin Etiquetas, Sea el primero en etiquetar este registro!
|
MARC
| LEADER | 00000cam a2200000 a 4500 | ||
|---|---|---|---|
| 001 | UCE9744 | ||
| 003 | CL-VaPUC | ||
| 008 | 151106e20140000sp |||||||||||||||||spa|d | ||
| 020 | |a 9788437606408 | ||
| 082 | 0 | 4 | |a 883 |b HOM |2 21 |
| 100 | |a Homero |e autor |9 265577 | ||
| 245 | 1 | 0 | |a Odisea |
| 250 | |a 22a. ed | ||
| 300 | |a 400 p | ||
| 942 | |c BK | ||
| 945 | |d 20151106 14:16:00 |a dcastane | ||
| 260 | |a Madrid |b Cátedra |c 2014 | ||
| 650 | 7 | |a POESIAS EPICAS GRIEGAS |2 CL-VaPUC |9 265677 | |
| 583 | |a last modification |c 20151106 14:16:00 |k Rodrigo Vera | ||
| 490 | 0 | |a Letras Universales, 62 | |
| 999 | |c 361389 |d 361387 | ||
| 952 | |0 0 |1 0 |3 erb |4 0 |6 883_000000000000000_HOM_2014 |7 0 |8 R |9 471834 |a BIBEDU |b BIBEDU |c MCIRC |i 5246768 |l 15 |m 1 |o 883 HOM 2014 |p 5246768 |r 2025-04-21 |s 2025-04-16 |w 2019-11-24 |y BK_R |z Catalogado en:20151106 |k LIT | ||